Normal view
MARC view
Entry Personal Name
001 - CONTROL NUMBER
- control field: 288540
003 - CONTROL NUMBER IDENTIFIER
- control field: OSt
005 - DATE AND TIME OF LATEST TRANSACTION
- control field: 20220925222920.0
008 - FIXED-LENGTH DATA ELEMENTS
- fixed length control field: 220925|| aca||aabn | a|a d
040 ## - CATALOGING SOURCE
- Original cataloging agency: OSt
- Transcribing agency: OSt
100 ## - HEADING--PERSONAL NAME
- Personal name: Fairfield Soon James W
670 ## - SOURCE DATA FOUND
- Source citation: Work cat.: (OSt)578120: Fairfield Soon James W, Corporate culture and the quality organization, 2001
